Statistics for Names in Book Titles

Click here to take the quiz!

General Stats

  • This quiz has been taken 91 times
  • The average score is 12 of 16

Answer Stats

AuthorName in the title% Correct
William ShakespeareRomeo and {Juliet}
100%
J.K. Rowling{Harry} Potter and the Goblet of Fire
98%
Mark TwainThe Adventures of {Tom} Sawyer
96%
Yann MartelLife of {Pi}
95%
Charles Dickens{Oliver} Twist
95%
Roald Dahl{Charlie} and the Chocolate Factory
94%
L.M. Montgomery{Anne} of Green Gables
90%
E.B. White{Charlotte}'s Web
90%
Oscar WildeThe Picture of {Dorian} Gray
90%
Astrid Lindgren{Pippi} Longstocking
85%
Thomas Hardy{Tess} of the D'Urbervilles
70%
Judy BlumeAre You There God? It's Me, {Margaret}
44%
Richard Bach{Jonathan} Livingston Seagull
44%
Daniel Defoe{Moll} Flanders
38%
Thomas Hardy{Jude} the Obscure
37%
John IrvingA Prayer for {Owen} Meany
31%

Score Distribution

Percentile by Number Answered

Percent of People with Each Score

Your Score History

You have not taken this quiz